Estatísticas para Os 15 principais países afetados pela Covid-19 - 17 de julho

Clique aqui para jogar o quiz

Estatísticas Gerais

  • Esse quiz foi jogado 7 vezes
  • A pontuação média é 12 de 25

Estatísticas das Respostas

país% Correto
Brasil
100%
Espanha
100%
Estados Unidos
100%
Índia
100%
Itália
100%
Rússia
100%
México
86%
Reino Unido
86%
Irão
57%
Peru
57%
Suécia
57%
Turquia
57%
África do Sul
43%
Arábia Saudita
43%
Chile
29%
Chile
29%
Paquistão
29%
Bahrein
14%
Catar
14%
Kuweit
14%
Armênia
0%
Bielorrússia
0%
Omã
0%
Panamá
0%
Singapura
0%

Distribuição das Pontuações

Percentil de Números Respondidos

Porcentagem de Pessoas com Cada Pontuação

Sua Pontuação Histórica

Você não jogou esse quiz